2024–25 FA Cup Teams (Round 3) - Statistics

General Stats
  • This quiz has been taken 27 times
  • The average score is 45 of 64
Answer Stats
Answer % Correct
Arsenal
100%
Bournemouth
100%
Manchester City
100%
Birmingham City
95%
Brighton & Hove Albion
95%
Everton
95%
Liverpool
95%
Manchester United
95%
Nottingham Forest
95%
Southampton
95%
Tottenham Hotspur
95%
Aston Villa
90%
Chelsea
90%
Ipswich Town
90%
West Ham United
90%
Wolverhampton Wanderers
90%
Cardiff City
85%
Fulham
85%
Hull City
85%
Leicester City
85%
Newcastle United
85%
Sunderland
85%
West Bromwich Albion
85%
Brentford
80%
Crystal Palace
80%
Leeds United
80%
Middlesbrough
80%
Millwall
80%
Blackburn Rovers
75%
Burnley
75%
Coventry City
75%
Luton Town
75%
Norwich City
75%
Portsmouth
75%
Swansea City
75%
Watford
75%
Bristol City
70%
Oxford United
70%
Plymouth Argyle
70%
Queens Park Rangers
70%
Derby County
65%
Salford City
65%
Sheffield United
60%
Sheffield Wednesday
60%
Stoke City
60%
Wycombe Wanderers
60%
Accrington Stanley
55%
Bristol Rovers
55%
Charlton Athletic
55%
Exeter City
55%
Morecambe
55%
Preston North End
55%
Reading
50%
Wigan Athletic
50%
Doncaster Rovers
45%
Bromley
40%
Leyton Orient
40%
Peterborough United
40%
Tamworth
40%
Lincoln City
35%
Harrogate Town
30%
Mansfield Town
30%
Stockport County
30%
Dagenham & Redbridge
25%
No matching quizzes found
Score Distribution
Percent of People with Each Score
Percentile by Number Answered
Your Score History
You have not taken this quiz